000 00381nam a2200145Ia 4500
008 231129s1988||||xx |||||||||||||| ||spa||
020 _a84-226-2416-8
040 _bspa
082 _a813 K54i
100 _aKing Stephen
245 0 _aIt (Eso)
260 _c1988
264 _aBarcelona España : Cí­rculo de Lectores
942 _2ddc
_cBKS
999 _c16041
_d16041